000 00307 a2200157 4500
001 175644
020 _a
040 _cMagnum
100 _aSilva, Alina C.
240 1 0 _aO mangalarga
_lpor
245 1 0 _aO mangalarga
362 0 _a1899
440 1 _aFTD
697 _aMAGNITO: I/ANIMAIS
942 _cBK
999 _c175644
_d175644